000 00543nam a2200181Ia 4500
008 090124s9999 xx 000 0 und d
082 _b114169
100 _aमाडगुळकर ग. दि.
245 _a कथा आणि कथाकथन
250 _a1
260 _c1971
300 _a216
600 _aमाडगुळकर ग. दि.
630 _a कथा आणि कथाकथन
700 _aमाडगुळकर ग. दि.
730 _a कथा आणि कथाकथन
942 _cBOOK
999 _c160260
_d160260